Paises mas grandes por continente - Estadísticas

Estadísticas generales
  • Esta prueba ha sido intentada 98 veces
  • La puntuación promedio es 22 de 30
Estadísticas de respuestas
Continente Paises % Correcto
Estados Unidos
100%
Estados unidos
100%
America Canada
99%
Canada
99%
Europa Rusia
96%
Asia Rusia
96%
Antartida (Paises con hielo) Rusia
96%
Argentina
95%
Brasil
95%
México
94%
China
92%
Oceania Australia
87%
India
87%
Francia
83%
Ucrania
83%
Nueva zelanda
80%
Africa Argelia
77%
Republica democratica del congo
76%
Sudan
67%
Papua nueva guinea
65%
Noruega
64%
Libia
63%
arabia saudí
59%
Turquia
59%
Indonesia
59%
Chad
55%
Islas salomon
55%
Fiyi
51%
kasajistan
10%
Antartida
6%
No se encontraron pruebas coincidentes
Distribución de puntuación
Porcentaje de gente con cada puntuación
Porcentaje por número respondido
Historial de tus puntuaciones
No has intentado esta prueba.